000 00288nam a22001337a 4500
008 170601b xxu||||| |||| 00| 0 eng d
020 _a9780312451172
041 _aeng
080 _a93
100 _a17
101 _aSHH
245 _aTHE MAKING OF THE WEST
_cHUNT, L
942 _2udc
_cBK
999 _c15420
_d15420